000 00725nab a2200241 a 4500
005 20210219160756.0
008 991125s1985 mx 000 0 spa u
035 _aUPN01000172381
100 1 _aFidalgo, Raquel
222 _aCULTURA Y EDUCACION :
222 _bREVISTA DE TEORIA, INVESTIGACION Y PRACTICA
245 _aEl desarrollo de la competencia escrita a través de una enseñanza metacognitiva de la escritura
260 _aMadrid, España
300 _a325-346
362 0 _a2008 Vol. 20, no. 3, oct.
653 0 _aCOMPOSICION ESCRITA
653 0 _aEDUCACION PRIMARIA
653 0 _aESCRITURA
653 0 _aENSEÑANZA
700 1 _aGarcía, Jesús Nicasio,
700 1 _ecoaut.
905 _aArticulo
999 _c144485
_d144485